|
|
|
|
| LEADER |
00000nam0a2200000 4500 |
| 001 |
109725 |
| 005 |
20231101214905.0 |
| 035 |
|
|
|a (RuTPU)RU\TPU\book\118488
|
| 090 |
|
|
|a 109725
|
| 100 |
|
|
|a 20070212d1958 m y0rusy50 ca
|
| 101 |
0 |
|
|a rus
|
| 102 |
|
|
|a RU
|
| 105 |
|
|
|a a z 001zy
|
| 200 |
1 |
|
|a Теоретические основы органической химии
|f Б. В. Тронов
|g Томский политехнический институт (ТПИ)
|
| 210 |
|
|
|a Томск
|c Изд-во Томского ун-та
|d 1958
|
| 215 |
|
|
|a 257 с.
|c ил.
|
| 320 |
|
|
|a Библиография в конце частей.
|
| 606 |
1 |
|
|a Органическая химия
|2 stltpush
|3 (RuTPU)RU\TPU\subj\47309
|9 66362
|
| 610 |
1 |
|
|a теория
|
| 610 |
1 |
|
|a химическое строение
|
| 610 |
1 |
|
|a органические соединения
|
| 610 |
1 |
|
|a учение о строении
|
| 610 |
1 |
|
|a электронная химия
|
| 675 |
|
|
|a 547
|v 3
|
| 700 |
|
1 |
|a Тронов
|b Б. В.
|c российский химик-органик
|c профессор ТТИ-ТПИ
|f 1891-1968
|g Борис Владимирович
|2 stltpush
|3 (RuTPU)RU\TPU\pers\21918
|
| 712 |
0 |
2 |
|a Томский политехнический институт (ТПИ)
|c (1944-1991)
|2 stltpush
|3 (RuTPU)RU\TPU\col\1123
|
| 801 |
|
1 |
|a RU
|b 63413507
|c 20070212
|g PSBO
|
| 801 |
|
2 |
|a RU
|b 63413507
|c 20160624
|g PSBO
|
| 942 |
|
|
|c BK
|